Estadísticas para Todos los Países Miembros de la FIFA por Insignia

Haz click aquí para intentar la prueba.

Estadísticas generales

  • Esta prueba ha sido intentada 132 veces
  • La puntuación promedio es 96 de 211

Estadísticas de respuestas

Respuesta% Correcto
Turquía
98%
Colombia
96%
Líbano
88%
Túnez
88%
Katar
81%
Chile
76%
Alemania
75%
Canadá
75%
Croacia
75%
Escocia
75%
Perú
75%
Gales
74%
Jamaica
74%
Paraguay
74%
Venezuela
74%
Chipre
73%
Noruega
73%
Países Bajos
73%
Panamá
73%
Senegal
73%
Albania
71%
Irán
71%
Portugal
71%
Uruguay
71%
Argentina
70%
Eslovaquia
70%
Estados Unidos
70%
Bolivia
69%
Armenia
68%
Bélgica
68%
Inglaterra
68%
Irlanda del Norte
68%
Italia
68%
Ghana
66%
Irlanda
66%
Suecia
66%
Australia
65%
Brasil
65%
México
65%
Dinamarca
64%
Ecuador
63%
España
63%
Guyana
63%
Montenegro
63%
Arabia Saudita
61%
China
61%
Corea del Norte
61%
Etiopía
61%
Irak
61%
Japón
61%
Laos
61%
Marruecos
61%
Austria
60%
Azerbaiyán
60%
Bosnia y Herzegovina
60%
Egipto
60%
Finlandia
60%
Grecia
60%
Honduras
60%
Surinam
60%
Camerún
59%
Hong Kong
59%
Hungría
59%
Moldavia
59%
Polonia
59%
Vietnam
59%
Francia
58%
Malí
58%
Siria
58%
Sierra Leona
56%
Andorra
55%
Eritrea
55%
Dominica
54%
Eslovenia
54%
Nueva Zelanda
54%
Serbia
54%
Barbados
53%
Mauritania
53%
Puerto Rico
53%
República Centroafricana
53%
San Vicente y las Granadinas
53%
Sri Lanka
53%
Ucrania
53%
Haití
51%
Israel
51%
Tanzania
51%
Argelia
50%
Bielorrusia
50%
Corea del Sur
50%
Guinea
50%
Guinea Ecuatorial
50%
Togo
50%
Chad
49%
India
49%
Islandia
49%
Kazajistán
49%
Palestina
48%
Costa de Marfil
46%
Georgia
46%
Granada
46%
República Checa
46%
Ruanda
46%
Rumania
46%
Suiza
46%
Costa Rica
45%
El Salvador
45%
Gibraltar
45%
Jordán
45%
República del Congo
45%
Burkina Faso
44%
Gabón
44%
Gambia
44%
Kuwait
44%
Madagascar
44%
Rusia
44%
Zimbabue
44%
Emiratos Árabes Unidos
43%
Liberia
43%
Macao
43%
Nepal
43%
Trinidad y Tobago
43%
Comoras
40%
Macedonia del Norte
40%
Papúa Nueva Guinea
40%
San Marino
40%
Sudán del Sur
40%
Yemen
40%
Kosovo
39%
San Cristóbal y Nieves
39%
Cuba
38%
Curazao
38%
Liechtenstein
38%
Malaui
38%
Tahití
38%
Yibuti
38%
Belice
36%
Bermudas
36%
Islas Feroe
36%
Letonia
36%
República Democrática del Congo
36%
Guatemala
35%
Zambia
35%
Estonia
34%
Guam
34%
República Dominicana
34%
Samoa
34%
Islas Vírgenes de los Estados Unidos
33%
Mozambique
33%
Nicaragua
33%
Nigeria
33%
Uganda
33%
Santa Lucía
31%
Anguila
30%
Cabo Verde
30%
Malta
30%
Aruba
29%
Baréin
29%
Camboya
29%
Islas Vírgenes Británicas
29%
Sudán
29%
Tayikistán
29%
Islas Salomón
28%
Luxemburgo
28%
Samoa Americana
28%
Tailandia
28%
Burundi
26%
Islas Caimán
26%
Botsuana
25%
Lesoto
25%
Nueva Caledonia
25%
Seychelles
25%
Somalia
25%
Angola
24%
Libia
24%
Mongolia
24%
Montserrat
24%
Níger
24%
Birmania
23%
Fiyi
23%
Islas Cook
23%
Malasia
23%
Omán
23%
Sudáfrica
23%
Filipinas
21%
Indonesia
21%
Kirguistán
21%
Uzbekistán
21%
Antigua y Barbuda
20%
Lituania
20%
Mauricio
20%
Pakistán
20%
Afganistán
19%
Bahamas
19%
Bulgaria
19%
Bután
19%
Guinea-Bisáu
19%
Tonga
19%
Turkmenistán
19%
Vanuatu
19%
Benín
16%
Kenia
16%
China Taipéi
15%
Islas Turcas y Caicos
15%
Santo Tomé y Príncipe
15%
Singapur
15%
Bangladesh
14%
Brunéi
14%
Esuatini
14%
Maldivas
14%
Timor Oriental
14%
Namibia
13%

Distribución de puntuación

Porcentaje por número respondido

Porcentaje de gente con cada puntuación

Historial de tus puntuaciones

No has intentado esta prueba.